02357nam a22002894a 4500001000400000003000400004005001700008008004100025020001800066040000800084041001300092082001500105100003300120240002200153245007800175260003200253300001200285490004100297520157100338650002501909650002101934650002301955655001201978655001601990700002802006830003302034493OSt20260129101926.0110919s2011 spb g 000 f por  a9788580440270 bpor1 aporheng04a813bM381f aMartin, George R. R.,d1948-02aA clash of kings.12aA fúria dos reis /cGeorge R. R. Martin ; tradução Jorge Candeias.  aSão Paulo :bLeya,c2011. a653p. ;1 a(As crônicas de gelo e fogo ;v2). aDe um dos maiores mestres da fantasia surge um épico magistral, poderoso como você jamais viu...Em 'A fúria dos Reis', o segundo livro da aclamada série As crônicas de gelo e fogo, George R. R. Martin segue a épica aventura nos Sete Reinos, onde muitos perigos e disputas ainda estão por vir. Além dos combates que se estendem por todos os lados, a ameaça agora também chega pelo céu! Mistério, intrigas, romance e aventura encherão as páginas deste livro, agora também um blockbuster da HBO! Quando um cometa vermelho cruza o céu de Westeros, os Sete Reinos estão em plena guerra civil. Os exércitos dos Stark e dos Lannister estão se preparando para o confronto final, e Stannis-irmão do falecido Rei Robert-, desejoso de possuir um exército que lute pela sua reivindicação ao trono, alia-se a uma misteriosa religião oriental. Porém, seu irmão mais novo também se proclama rei. E, enquanto isso, os Greyjoy planejam vingança contra todos os que os humilharam dez anos atrás. Ainda, no distante Leste, poderosos dragões estão prestes a chegar aos Sete Reinos, trazendo fogo e morte...Um perigo de proporções gigantescas, muito maior do que as grandes guerras! Nesta tão esperada sequência de A guerra dos tronos, George R. R. Martin cria uma obra de incrível poder e imaginação. A fúria dos reis nos transporta até um mundo de glória e vingança, de guerras e magia, onde poder e miséria podem se alterar no virar de uma página. Uma obra singular da literatura fantástica. 00aLiteratura Americana00aFantasia Épica00aReinos fictícios 0aRomance 0aFicção  aCandeias, Jorge,d1966- aAs crônicas de gelo e fogo